| 000 | 00385nam a22001451a 4500 | ||
|---|---|---|---|
| 082 |
_aM3 _bSRE/K |
||
| 100 | _aSreekumaran Thambi | ||
| 245 |
_aKakkathampuratty/ _cby Sreekumaran Thambi |
||
| 260 |
_aKottayam: _bSahitya Pravartaka Co-operative Society, _c2009. |
||
| 300 | _a84p. | ||
| 650 | _aNovel Malayalam | ||
| 650 | _aLiterature Malayalam | ||
| 650 | _aLiterature | ||
| 942 | _cBK | ||
| 999 |
_c22443 _d22443 |
||